Ustojčivosť složnych steržnevych sistem.

Saved in:
Bibliographic Details
Main Author: Matevosjan, R. R.
Format: Book
Language:Slovak
Published: 1961.
Tags: Add Tag
No Tags, Be the first to tag this record!

MARC

LEADER 00000nam a22000004a 4500
001 000514607
005 20160726115859.0
008 160726s1961 xo e 000 0 slo d
040 |a SVKKK  |b slo  |c SVKKK  |e AACR2 
100 1 |a Matevosjan, R. R. 
245 1 0 |a Ustojčivosť složnych steržnevych sistem. 
260 |c 1961. 
500 |a Záznam revízie 
910 |a svkkk 
998 |a BK 
090 |g SCKHL  |k Sklad Pribinova 2. posch.  |a X0.1126  |j 03322  |i 514607-10  |4 Zastaraná  |s Vyradená